ბათუმის შოთა რუსთაველის სახელმწიფო უნივერსიტეტის ბიბლიოთეკა

Стуктура и функции клеток растении при засолении:новые подходы к изучению солейустоичивости (ბიბ.ჩანაწერი № 45531)

000 -LEADER
fixed length control field 00824nam a2200205Ia 4500
001 - CONTROL NUMBER
control field 12356
003 - CONTROL NUMBER IDENTIFIER
control field GE_BSU
008 - FIXED-LENGTH DATA ELEMENTS--GENERAL INFORMATION
fixed length control field 181216s||||||||xx |||||||||||||| ||und||
040 ## - CATALOGING SOURCE
Transcribing agency GE_BSU
080 ## - UNIVERSAL DECIMAL CLASSIFICATION NUMBER
Universal Decimal Classification number 581.17+612.014.463
100 ## - MAIN ENTRY--PERSONAL NAME
Personal name Строгонов,Б.П. Кабанов,В.В.
245 ## - TITLE STATEMENT
Title Стуктура и функции клеток растении при засолении:новые подходы к изучению солейустоичивости
245 ## - TITLE STATEMENT
Statement of responsibility, etc. Ред.А.Ф.Клешнин
260 ## - PUBLICATION, DISTRIBUTION, ETC.
Place of publication, distribution, etc. Москва
260 ## - PUBLICATION, DISTRIBUTION, ETC.
Name of publisher, distributor, etc. Наука
260 ## - PUBLICATION, DISTRIBUTION, ETC.
Date of publication, distribution, etc. 1970
300 ## - PHYSICAL DESCRIPTION
Extent 317стр.илл.22см.
653 ## - INDEX TERM--UNCONTROLLED
Uncontrolled term Стуктура и функции клеток растении при засолении:новые подходы к изучению солейустоичивости
942 ## - ADDED ENTRY ELEMENTS (KOHA)
Koha item type წიგნი
ეგზემპლარები
Withdrawn status Lost status Damaged status Not for loan Date acquired Barcode Date last seen Price effective from Koha item type
        2018-12-17 20498 2018-12-17 2018-12-17 წიგნი